Survivor Contestants Alphabet Quiz Stats

 Plays Quiz not verified by Sporcle

Challenge
Share
Tweet
Embed
Score 0/20 Timer 10:00
0 Plays Today
Letter % Correct
AAmi
98.7%
CChad
97.7%
BBrook
97.1%
DDolly
94.2%
JJ.P.
93.5%
EEliza
93.2%
TTwila
92.2%
SSarge
91.2%
KKim
88.3%
YYul
87.3%
Letter % Correct
MMia
84.4%
PPenner
82.5%
IIbrehem
80.5%
OOzzy
80.2%
RRory
79.5%
GGregg
77.9%
LLisa
77.9%
NNick
77.6%
WWanda
77.6%
FFlicka
50%

You're not logged in!

Compare scores with friends on all Sporcle quizzes.
OR
Log In

You Might Also Like...

Show Comments

Extras

Created Mar 9, 2013ReportNominate
Tags:TV Show Quiz, cbs, survivor

Top Quizzes Today


Score Distribution

Your Account Isn't Verified!

In order to create a playlist on Sporcle, you need to verify the email address you used during registration. Go to your Sporcle Settings to finish the process.

Report this User

Report this user for behavior that violates our Community Guidelines.

Details: